Gaming Quiz

Random Gaming or Pokémon Quiz

Normal Pokémon (Gen I) Quiz Stats

Quiz Updated Jul 27, 2016

Challenge
Share
Tweet
Embed
Score 0/24 Timer 04:00
14 Plays Today
% Correct
Pidgey
93.9%
Pidgeot
90.4%
Pidgeotto
89.2%
Rattata
86%
Raticate
83.3%
Spearow
76.2%
Fearow
74.9%
Jigglypuff
67.4%
Snorlax
66.3%
Eevee
65.9%
Wigglytuff
64.5%
Clefairy
63.2%
% Correct
Clefable
61.9%
Meowth
61.3%
Persian
59.1%
Tauros
58.7%
Chansey
57.1%
Kangaskhan
53.5%
Farfetch'd
51.7%
Ditto
51.4%
Doduo
50.9%
Porygon
49.9%
Dodrio
49.4%
Lickitung
40.5%

You're not logged in!

Compare scores with friends on all Sporcle quizzes.
Join for Free
OR
Log In

You Might Also Like...

Show Comments

Extras

Top Quizzes Today


Score Distribution

Your Account Isn't Verified!

In order to create a playlist on Sporcle, you need to verify the email address you used during registration. Go to your Sporcle Settings to finish the process.

Report this User

Report this user for behavior that violates our Community Guidelines.

Details: